000 00622nam a2200205 a 4500
003 sisc
005 20160818140936.0
008 121004s19uu xx 00 eng d
020 _a9781906884390
050 _aG 156.5.S87
_b.G633 2011
100 _aGoodwin, Harold.
245 _aTaking responsibility for tourism :
_bresponsible tourism management /
_cHarold Goodwin.
260 _aOxford, UK :
_bGoodfellow,
_c2011.
300 _a256 pages ;
_c26 cm.
500 _aIncludes bibliographical references and index.
650 _aSustainable tourism.
942 _cBK
_2lcc
_kFOR
999 _c22274
_d22274